Small business management : (Record no. 720)
[ view plain ]
| 000 -LEADER | |
|---|---|
| fixed length control field | 01367cam a2200385 a 4500 |
| 003 - CONTROL NUMBER IDENTIFIER | |
| control field | CaOOAMICUS |
| 005 - DATE AND TIME OF LATEST TRANSACTION | |
| control field | 20210616120614.0 |
| 008 - FIXED-LENGTH DATA ELEMENTS--GENERAL INFORMATION | |
| fixed length control field | 051208s2007 onca b 001 0deng |
| 020 ## - INTERNATIONAL STANDARD BOOK NUMBER | |
| International Standard Book Number | 0176407243 : |
| 020 ## - INTERNATIONAL STANDARD BOOK NUMBER | |
| International Standard Book Number | 9780176407247 |
| 040 ## - CATALOGING SOURCE | |
| Transcribing agency | CaOONL |
| 050 ## - LIBRARY OF CONGRESS CALL NUMBER | |
| Classification number | HD62.7 |
| Item number | .S618 2007 |
| 055 01 - CLASSIFICATION NUMBERS ASSIGNED IN CANADA | |
| Classification number | HD62.7 |
| 055 #0 - CLASSIFICATION NUMBERS ASSIGNED IN CANADA | |
| Classification number | HD62.7 |
| Item number | S618 2006 |
| 090 ## - LOCALLY ASSIGNED LC-TYPE CALL NUMBER (OCLC); LOCAL CALL NUMBER (RLIN) | |
| Classification number (OCLC) (R) ; Classification number, CALL (RLIN) (NR) | 658.022 SMA |
| 245 00 - TITLE STATEMENT | |
| Title | Small business management : |
| Remainder of title | launching and managing new ventures / |
| Statement of responsibility, etc. | Justin G. Longenecker ... [and others]. |
| 250 ## - EDITION STATEMENT | |
| Edition statement | Third Canadian edition |
| 260 ## - PUBLICATION, DISTRIBUTION, ETC. | |
| Place of publication, distribution, etc. | Toronto : |
| Name of publisher, distributor, etc. | Thomson Nelson, |
| Date of publication, distribution, etc. | c2007. |
| 300 ## - PHYSICAL DESCRIPTION | |
| Extent | xxii, 554 pages : |
| Other physical details | illustrations ; |
| Dimensions | 26 cm. |
| 336 ## - CONTENT TYPE | |
| Content type term | text |
| Content type code | txt |
| Source | rdacontent |
| 337 ## - MEDIA TYPE | |
| Media type term | unmediated |
| Media type code | n |
| Source | rdamedia |
| 338 ## - CARRIER TYPE | |
| Carrier type term | volume |
| Carrier type code | nc |
| Source | rdacarrier |
| 504 ## - BIBLIOGRAPHY, ETC. NOTE | |
| Bibliography, etc. note | Includes bibliographical references and index. |
| 650 #0 - SUBJECT ADDED ENTRY--TOPICAL TERM | |
| Topical term or geographic name entry element | Small business |
| General subdivision | Management. |
| 650 #0 - SUBJECT ADDED ENTRY--TOPICAL TERM | |
| Topical term or geographic name entry element | New business enterprises |
| General subdivision | Management. |
| 700 1# - ADDED ENTRY--PERSONAL NAME | |
| Personal name | Longenecker, Justin G. |
| Fuller form of name | (Justin Gooderl), |
| Dates associated with a name | 1917-2005. |
| 906 ## - LOCAL DATA ELEMENT F, LDF (RLIN) | |
| a | AB:1:0 |
| -- | ACD:1:0 |
| -- | AD:1:0 |
| -- | BF:1:0 |
| -- | CED:1:0 |
| -- | CH:2:0 |
| -- | DA:1:0 |
| -- | DR:2:0 |
| -- | DT:1:0 |
| -- | EA:1:0 |
| -- | FH:1:0 |
| -- | FP:1:0 |
| -- | LB:2:0 |
| -- | MCG:1:0 |
| -- | ND:1:0 |
| -- | OV:1:0 |
| -- | RI:1:0 |
| -- | YO:1:0 |
| 942 ## - ADDED ENTRY ELEMENTS (KOHA) | |
| Source of classification or shelving scheme | |
| Koha item type | Book |
| Suppress in OPAC | SO |
| 948 ## - LOCAL PROCESSING INFORMATION (OCLC); SERIES PART DESIGNATOR (RLIN) | |
| Series part designator, SPT (RLIN) | 12/10/2006 |
| b (OCLC) | 28/02/2007 |
| Withdrawn status | Lost status | Source of classification or shelving scheme | Damaged status | Not for loan | Permanent Location | Current Location | Shelving location | Date acquired | Total Checkouts | Full call number | Barcode | Date last seen | Price effective from | Koha item type | Public note |
|---|---|---|---|---|---|---|---|---|---|---|---|---|---|---|---|
| AU LIBRARY | AU LIBRARY | Open Shelf | 16.06.2021 | HD62.7 .S618 2007 | 28000166 | 16.06.2021 | 16.06.2021 | Book | SO |